Quizzes
Events
Quiz Creation
Community
Videos
Private Events
Remove Ads
Sign In
Join for FREE
Feedback
Dark Mode
Quiz Categories
Sports
Geography
Music
Movies
Television
Just For Fun
Miscellaneous
History
Literature
Language
Science
Gaming
Entertainment
Religion
Holiday
For Kids
Quiz Lab
Recent
Popular Today
Quiz Kudos Today
Editor Picks
Curator Picks
Quizzes by...
Day
Popularity
Type
Ratings
Length
Year
Community
Subscriptions
Recent Discussions
Orange Saloon
Badges
Playlists
Quests
Create
Leaderboards
Showdown
Live 5
Trivia Bingo
Activity
Puzzle Library
Sporcle Events
Private Events
Virtual Trivia
Globe League
Become a Host
Pub Owners
SporcleCon
Opinionation
Our Games
Videos
Blog
Mobile Apps
Partnerships
Remove Ads and Go Orange
Feedback
Movies
Disney
Marvel Cinematic Universe
Movie Resume
Movie Titles
Oscar
Actor
Actress
Director
Pixar
Role
Movie Quotes
Movie Characters
Box Office
Nominee
Best Picture
Star Wars
James Bond
Horror Movies
Movies
Disney
Marvel Cinematic Universe
Movie Resume
Movie Titles
Oscar
Actor
Actress
Director
Pixar
Role
Movie Quotes
Movie Characters
Box Office
Nominee
Best Picture
Star Wars
James Bond
Horror Movies
Random Quiz
Search Sporcle
×
Curator Pick
Curator Pick
Movies
Nominee
Type in answers that appear in a list
Type in answers that appear in a list
Classic
Best Score? Go Orange.
Best Director Nominees (90s) Stats
Can you name the Best Director nominees of the 1990s?
By
bigbill16
8m
50 Questions
615 Plays
615 Plays
615 Plays
Comments
Comments
Give Quiz Kudos
Give Quiz Kudos
-
- Ratings
hide this ad
More Info
Replay
Link that replays current quiz
Next Quiz
Link to next quiz in quiz playlist
You Got
0%
They Got
Avg Score
65%
Avg Friend Score
Upgrade to see
Score Distribution
Jump to the score distribution portion of the page
Score
0/50
Timer
08:00
0
Plays Today
Movie
Director
% Correct
Schindler's List*
Steven Spielberg
95.1%
Saving Private Ryan*
Steven Spielberg
95.1%
Dances with Wolves*
Kevin Costner
94%
Goodfellas
Martin Scorsese
94%
Pulp Fiction
Quentin Tarantino
93.6%
The Godfather: Part III
Francis Ford Coppola
93.5%
Titanic*
James Cameron
92.5%
Unforgiven*
Clint Eastwood
92.2%
Braveheart*
Mel Gibson
92%
Fargo
Joel Coen
90.4%
JFK
Oliver Stone
88.1%
Forrest Gump*
Robert Zemeckis
86%
The Silence of the Lambs*
Jonathan Demme
81.4%
American Beauty*
Sam Mendes
81.3%
Bullets Over Broadway
Woody Allen
78.2%
Good Will Hunting
Gus Van Sant
76.7%
Life is Beautiful
Roberto Benigni
76.5%
Being John Malkovich
Spike Jonze
74.8%
The Sixth Sense
M. Night Shyamalan
74.3%
The Player
Robert Altman
73.5%
Short Cuts
Robert Altman
73.5%
Thelma & Louise
Ridley Scott
73.3%
Quiz Show
Robert Redford
71.5%
The English Patient*
Anthony Minghella
69.7%
The Piano
Jane Campion
69.5%
Movie
Director
% Correct
The Thin Red Line
Terrence Malick
68.1%
Boyz n the Hood
John Singleton
64.5%
The Truman Show
Peter Weir
62.9%
Dead Man Walking
Tim Robbins
62.2%
The Insider
Michael Mann
62.2%
The People vs. Larry Flynt
Milos Forman
59.6%
L.A. Confidential
Curtis Hanson
58.8%
Howards End
James Ivory
58.3%
The Remains of the Day
James Ivory
58.3%
Shakespeare in Love
John Madden
54.7%
Secrets & Lies
Mike Leigh
52.3%
In the Name of the Father
Jim Sheridan
48.2%
The Crying Game
Neil Jordan
46.6%
Bugsy
Barry Levinson
46.3%
The Cider House Rules
Lasse Hallstrom
45.9%
The Grifters
Stephen Frears
44.1%
Leaving Las Vegas
Mike Figgis
43.5%
The Sweet Hereafter
Atom Egoyan
41.9%
Scent of a Woman
Martin Brest
41%
Three Colors: Red
Krzysztof Kieslowski
41%
Babe
Chris Noonan
28.5%
Reversal of Fortune
Barbet Schroeder
26.9%
Shine
Scott Hicks
25.6%
The Full Monty
Peter Cattaneo
25.2%
Il Postino
Michael Radford
23.9%
Quiz Playlist
Details
Report
Send in Message
Add To Playlist
More Info:
*-denotes winner
Classic:
Type in answers that appear in a list
Last Updated: Feb 16, 2017
Curator Pick in
Nominee
Quiz Scoreboard
CHALLENGE
Sign Up to Join the Scoreboard
Show All
Scores
Hide
Comments
May contain spoilers
Recently Published
Pick 6: Fruits
by JohnFran
Miscellaneous
15s
Click the 1999 NBA Draft
by nibperrychub
Sports
2m
Alphabetical 'K' Countries by Flag Minefield
by ylime102
Geography
3m
More to Explore
Quiz From the Vault
Featured Blog Post
15 Basketball Trivia Facts You Can Be March Mad About
hide this ad
You Might Also Like...
Tags
Director Quiz
Nominee Quiz
1990s
Best Director
Today's Top Quizzes in Movies
Browse Movies
hide this ad
Today's Top Quizzes in Nominee
Browse Nominee
Top Contributed Quizzes in Movies
1
Pick 6: Harry Potter
2
Pick 6: Movie Franchises
3
Pick 6: Actors
4
Pick 6: Actresses
5
Pick 6: Disney Princesses
6
Match The President To The Fictional Crisis
7
Marvel Movies: Who Wants to be a Millionaire? HARD
8
10 Quentin Tarantino Movies in Order
9
Movies of the Seasons
10
MCU Criteria: Avengers
Explore More
Trending Topics
Harry Potter
Anime
Crossword
Kpop
Marvel
Disney
NBA
Puzzle
Country
Pokémon
NFL
Song
WWE
Soccer
The Office
hide this ad
More By:
bigbill16
Quiz
Plays
Rating
Category
Featured
Created
2015 NBA Playoffs Starters
25,855
4.66
Sports
Apr 21, 2015
2014 NBA Playoffs Starters
11,593
4.65
Sports
Apr 21, 2014
2002 NBA Playoffs Starters
6,061
4.60
Sports
Jun 26, 2013
2016 NBA Playoffs Starters
5,663
4.80
Sports
Apr 17, 2016
2013 NBA Playoffs Starters
4,162
4.91
Sports
Apr 22, 2013
Go to Creator's Profile
Score Distribution
Quiz Creator Spotlight
bigbill16
Follow
Send a Message
Quizzes Created
-
Created Quiz Play Count
-
More By This Creator
Popular Quizzes Today
1
Find the US States - No Outlines Minefield
2
Countries of Asia Without Outlines Minefield
3
Pick 6: Fruits
4
The Countries of the World
5
Alphabetical 'K' Countries by Flag Minefield
6
Find the US States
7
Match the Book to the Film X
8
Click the 1999 NBA Draft
More Movies Quizzes
Don't Forget 'The' Movie
Published
Trending Quizzes
Pick 6: Harry Potter
Pick 6: Mountains
Pick 6: NFL Teams
Pick 6: Movie Franchises
Pick 6: Golfers
Recently Updated
Women's Final Four Teams by Year
bhenderson79
Presidents Quartet II
eogle
Anything But Clue(do)
eogle
Anything But Oceanian Capitals
eogle
Anything But 7
eogle
Anything But Thing
eogle
Word Ladder: February 29
pecheneg
Song Title Questions
pecheneg
Women's NCAA Tournament #1 Seeds
pecheneg
Celebrity Mug Shots
pecheneg
Trending Topics
Disney
NBA
Crossword
Marvel
Kpop
Anime
Harry Potter
Soccer
The Office
WWE
NFL
Country
Puzzle
Song
Pokémon
Your Account Isn't Verified!
In order to create a playlist on Sporcle, you need to verify the email address you used during registration. Go to your
Sporcle Settings
to finish the process.
Report this User
Report this user for behavior that violates our
Community Guidelines
.
Details:
Send Report
Go to the Sporcle.com Mobile Site →
Comments